000 00331nam a2200097Ia 4500
008 241105s9999 xx 000 0 und d
041 _aeng
100 _aPitale Deepal
_9181647
245 _aLandscape Policy Framework For Conservinmg And Enhancing Public Park Values In Pune
260 _bBNCA M Arch Landscape Architecture
_aPune
_c2023
999 _c362075
_d362075